000 00288nam a2200121Ia 4500
008 240731s9999 xx 000 0 und d
022 _a1933-6969
245 0 _aChannels
260 _bTaylor & Francis
856 _uhttps://www.tandfonline.com/loi/kchl20
942 _2ddc
942 _cTFEJ
999 _c75805
_d75805
945 _a1
_bMadushi Gamage
_c1
_dMadushi Gamage